000
00299nam a22000977a 4500
999
_c
11158
_d
11158
008
180927b ||||| |||| 00| 0 eng d
020
_a
9788177395525
100
_a
Aggarwal. M L
_9
3834
245
_a
New Learning Mathematics CBSE syllabus
_b
Class IX
260
_a
New Delhi
_b
Avichal Publishing Company
_c
2018